Introducción a las técnicas digitales con circuitos integrados (Registro nro. 9796)
[ vista simple ]
| 000 -Cabecera | |
|---|---|
| Campo de control de longitud fija | 00917nam a22003257a 4500 |
| 005 - Fecha y hora de la última transacción | |
| Campo de control | 20230830112926.0 |
| 008 - Elementos de longitud fija--Información general | |
| Campo de control de longitud fija | 170824b2002 xxu||||| |||| 00| 0 spa d |
| 020 ## - International Standard Book Number | |
| Número Internacional Estándar del Libro (ISBN) | 9788429134568 |
| 041 ## - Idioma | |
| Código de idioma | Español |
| 082 ## - Clasificación Decimal Dewey | |
| Número de clasificación | 621.381.5 G493i2 |
| 100 ## - Entrada principal--Autor personal | |
| Nombre personal | Ginzburg, Mario Carlos |
| 9 (RLIN) | 43952 |
| 245 ## - Título propiamente dicho | |
| Título | Introducción a las técnicas digitales con circuitos integrados |
| 250 ## - Edición | |
| Mención de edición | 2 edición |
| 260 ## - Pie de imprenta | |
| Lugar de publicación, distribución, etc. | Barcelona |
| 260 ## - Pie de imprenta | |
| Nombre del editor, distribuidor, etc. | Editorial Reverté |
| 260 ## - Pie de imprenta | |
| Fecha de publicación, distribución, etc. | 2002 |
| 300 ## - Descripción física | |
| Extensión | 505 páginas |
| 650 ## - Materia general | |
| Temática (materia general) | ELECTRÓNICA DIGITAL |
| 650 ## - Materia general | |
| Temática (materia general) | CIRCUITOS INTEGRADOS |
| 650 ## - Materia general | |
| Temática (materia general) | ÁLGEBRA DE BOOLE |
| 650 ## - Materia general | |
| Temática (materia general) | CIRCUITOS COMBINACIONALES |
| 650 ## - Materia general | |
| Temática (materia general) | FUNCIONES ARITMÉTICOS |
| 650 ## - Materia general | |
| Temática (materia general) | CIRCUITOS ASOCIADOS |
| 650 ## - Materia general | |
| Temática (materia general) | DIODOS |
| 650 ## - Materia general | |
| Temática (materia general) | TRANSISTORES |
| 650 ## - Materia general | |
| Temática (materia general) | FAMILIAS LÓGICAS |
| 650 ## - Materia general | |
| Temática (materia general) | CIRCUITOS SECUENCIALES |
| 942 ## - Punto de acceso adicional KOHA | |
| Tipo de ítem KOHA | Libro |
| Fuente del sistema de clasificación o colocación | Dewey Decimal Classification |
| Signatura completa | Código de barras | Programa Académico | Tipo de ítem |
|---|---|---|---|
| 621.381.5 G493i2 | 22529 | Electrónica | Libro |